Metropolitana di Milano - Linea 3 - Statistics

Statistiche generali
  • Questo quiz è stato fatto 48 volte
  • Il punteggio medio è 18 su 21
Statistiche sulle risposte
Risposta % Corretto
Duomo
100%
Centrale FS
97%
Montenapoleone
97%
San Donato
97%
Comasina
94%
Repubblica
94%
Crocetta
92%
Lodi T.I.B.B (stazione Porta Romana FS)
92%
Porta Romana
92%
Porto di mare
92%
Missori - Università degli studi
89%
Turati
89%
Zara
89%
Brenta
86%
Corvetto
86%
Rogoredo FS
86%
Affori FN
83%
Maciachini
81%
Affori Centro
72%
Sondrio
72%
Dergano
67%
Nessun quiz corrispondente trovato
Distribuzione punteggi
Percentuale di utenti per punteggio
Percentile per numero di risposta
I tuoi punteggi nel tempo
Non hai fatto questo quiz